[Event "II Weekend Basso Veronese B"]
[Site "Casaleone ITA"]
[Date "2009.11.14"]
[Round "4"]
[White "Adami, Antonio"]
[Black "Curto, Carlo Alberto"]
[Result "1-0"]
[WhiteElo "1646"]
[BlackElo "1467"]
[PlyCount "110"]
[EventDate "2009.11.07"]

1. e4 e5 2. d4 exd4 3. Qxd4 Nc6 4. Qe3 d6 5. Bd2 Be7 6. Nc3 Nf6 7. O-O-O O-O 8.
f3 a6 9. g4 b5 10. h4 b4 11. Nd5 a5 12. Bc4 Rb8 13. g5 Nxd5 14. Bxd5 Ne5 15. f4
Nd7 16. h5 Nb6 17. Bb3 Be6 18. Bxe6 fxe6 19. h6 g6 20. Nf3 Qe8 21. Nd4 Bd8 22.
Qb3 d5 23. Rhe1 c5 24. Nf3 c4 25. Qe3 Bc7 26. Qd4 Qf7 27. Ne5 Bxe5 28. Qxe5
Rfe8 29. Be3 Nd7 30. Qd4 Nb6 31. Kb1 a4 32. Bf2 Re7 33. exd5 exd5 34. Rxe7 Qxe7
35. Re1 Qf7 36. Qe5 Nd7 37. Qd6 Re8 38. Rxe8+ Qxe8 39. Qxd5+ Qf7 40. Qe4 b3 41.
axb3 axb3 42. cxb3 cxb3 43. Qa8+ Nf8 44. Qe4 Qe7 45. Qc4+ Qf7 46. Qd4 Ne6 47.
Qe5 Qxf4 48. Qxe6+ Qf7 49. Qxf7+ Kxf7 50. Kc1 Ke6 51. Kd2 Kd5 52. Kc3 Kc6 53.
Kxb3 Kb5 54. Kc3 Kc6 55. Kc4 Kd7 1-0

[Event "II Weekend Basso Veronese B"]
[Site "Casaleone ITA"]
[Date "2009.11.14"]
[Round "4"]
[White "Cavalleri, Giuseppe"]
[Black "Steccanella, Willi"]
[Result "0-1"]
[WhiteElo "1685"]
[BlackElo "1780"]
[PlyCount "54"]
[EventDate "2009.11.07"]

1. d4 f5 2. c4 Nf6 3. Nf3 g6 4. Nc3 Bg7 5. Bf4 d6 6. Qd2 O-O 7. Bh6 Bxh6 8.
Qxh6 e5 9. h3 exd4 10. Nxd4 Nc6 11. Nxc6 bxc6 12. e3 Ne4 13. Be2 Rb8 14. Nd1
Be6 15. h4 Rxb2 16. h5 Rxe2+ 17. Kxe2 Bxc4+ 18. Kf3 g5 19. Nb2 Bd5 20. Rad1 Rf6
21. Rxd5 Rxh6 22. Rxf5 Rf6 23. g4 d5 24. Nd3 Nd6 25. Rxf6 Qxf6+ 26. Ke2 Qe6 27.
f3 Ne4 0-1

[Event "II Weekend Basso Veronese B"]
[Site "Casaleone ITA"]
[Date "2009.11.14"]
[Round "4"]
[White "Dall'Ora, Gianfranco"]
[Black "Zanchetta, Nicola"]
[Result "0-1"]
[WhiteElo "1715"]
[BlackElo "1807"]
[PlyCount "82"]
[EventDate "2009.11.07"]

1. e4 e5 2. Nf3 Nc6 3. Bc4 Bc5 4. c3 Nf6 5. d3 a6 6. O-O d6 7. Bb3 h6 8. h3 O-O
9. Nbd2 Ba7 10. Re1 Nh5 11. Nf1 Qf6 12. Ne3 Nf4 13. Nd5 Nxd5 14. Bxd5 Ne7 15.
Bb3 Kh8 16. Be3 Bxe3 17. Rxe3 Ng6 18. Nh2 Nf4 19. Ng4 Qh4 20. Rg3 f5 21. Ne3
fxe4 22. dxe4 Bxh3 23. Ng4 Bxg4 24. Rxg4 Qf6 25. Qf3 g5 26. Qe3 h5 27. Rg3 g4
28. f3 Qh4 29. fxg4 Ne2+ 30. Qxe2 Qxg3 31. gxh5 Rf4 32. Rd1 Raf8 33. Qd2 Kh7
34. Be6 Rh4 35. Bf5+ Kg7 36. Rf1 Qh2+ 37. Kf2 Rf4+ 38. Ke1 Qh4+ 39. Rf2 Qh1+
40. Ke2 Qxh5+ 41. Kd3 R8xf5 0-1

[Event "II Weekend Basso Veronese B"]
[Site "Casaleone ITA"]
[Date "2009.11.14"]
[Round "4"]
[White "De Paoli, Emilio"]
[Black "Bellini, Luca"]
[Result "1/2-1/2"]
[WhiteElo "1919"]
[BlackElo "1615"]
[PlyCount "120"]
[EventDate "2009.11.07"]

1. d4 d5 2. c4 e6 3. Nc3 Nf6 4. Nf3 Be7 5. e3 Nbd7 6. Bd3 c6 7. O-O O-O 8. e4
dxc4 9. Bxc4 b5 10. Bd3 Qc7 11. e5 Nd5 12. Nxd5 exd5 13. Ng5 g6 14. Qf3 Qd8 15.
Qg3 Nb6 16. Qh4 h5 17. Qg3 Qe8 18. Nf3 Kg7 19. Nh4 Kh7 20. f4 Bxh4 21. Qxh4 Qd8
22. Qxh5+ Kg7 23. Qf3 Qh4 24. g3 Qh3 25. f5 Rh8 26. Rf2 Bxf5 27. Bxf5 gxf5 28.
Qxf5 Qxf5 29. Rxf5 Nd7 30. Be3 Rae8 31. Rg5+ Kf8 32. Rf1 Re6 33. Rgf5 Rh7 34.
Bd2 c5 35. dxc5 Nxe5 36. Re1 f6 37. c6 Rc7 38. Bc3 d4 39. Bb4+ Kg7 40. Kg2
Rcxc6 41. Ref1 Ng4 42. Bd2 Re2+ 43. Kf3 Rxd2 44. Kxg4 Rxb2 45. h4 d3 46. Rd5 d2
47. Rd7+ Kh6 48. a3 a5 49. Rd5 b4 50. axb4 axb4 51. Rf2 b3 52. Rdxd2 Rxd2 53.
Rxd2 Rc2 54. Rd6 Rf2 55. Rb6 b2 56. h5 Kg7 57. Kh4 Kh7 58. Rb7+ Kh6 59. g4 Rh2+
60. Kg3 Rc2 1/2-1/2

[Event "II Weekend Basso Veronese B"]
[Site "Casaleone ITA"]
[Date "2009.11.14"]
[Round "4"]
[White "Gioga, Michele"]
[Black "Pisani, Valerio"]
[Result "1/2-1/2"]
[WhiteElo "1680"]
[BlackElo "1771"]
[PlyCount "43"]
[EventDate "2009.11.07"]

1. e4 e6 2. d4 d5 3. Nd2 Nf6 4. e5 Nfd7 5. Bd3 c5 6. c3 Nc6 7. Ne2 b6 8. Nf3
cxd4 9. cxd4 Nb4 10. Bb5 a6 11. Ba4 b5 12. Bb3 Be7 13. a3 Nc6 14. Bc2 a5 15. b3
Qb6 16. Be3 b4 17. a4 Ba6 18. Rc1 Nd8 19. Bd3 O-O 20. O-O f6 21. exf6 Nxf6 22.
Ne5 1/2-1/2

[Event "II Weekend Basso Veronese B"]
[Site "Casaleone ITA"]
[Date "2009.11.14"]
[Round "4"]
[White "Guaragno, Michele"]
[Black "Oppici, Gabriele"]
[Result "1-0"]
[WhiteElo "1891"]
[BlackElo "1997"]
[PlyCount "61"]
[EventDate "2009.11.07"]

1. e4 Nc6 2. Nf3 d6 3. d4 Nf6 4. Nc3 Bg4 5. Be2 e6 6. O-O Be7 7. h3 Bh5 8. a3
O-O 9. Be3 d5 10. e5 Ne4 11. g4 Bg6 12. Nxe4 dxe4 13. Ne1 f6 14. exf6 Bxf6 15.
c3 Qd6 16. Ng2 Rad8 17. Bc4 Kh8 18. Nf4 Bf7 19. Ne2 Qe7 20. Qc2 e5 21. Bxf7
exd4 22. cxd4 Rxf7 23. Rad1 g6 24. b4 h5 25. Nf4 Rg7 26. d5 Ne5 27. Qxe4 hxg4
28. hxg4 Rh7 29. Bd4 Qd6 30. Bxe5 Bxe5 31. Qxe5+ 1-0

[Event "II Weekend Basso Veronese B"]
[Site "Casaleone ITA"]
[Date "2009.11.14"]
[Round "4"]
[White "Merci, Stefano"]
[Black "De Togni, Paolo"]
[Result "1/2-1/2"]
[WhiteElo "1488"]
[BlackElo "1335"]
[PlyCount "99"]
[EventDate "2009.11.07"]

1. d4 f5 2. c4 Nf6 3. Nf3 d6 4. g3 g6 5. Bg2 Bg7 6. O-O O-O 7. Qb3 c6 8. Nc3
Kh8 9. Bf4 a5 10. Rfd1 Na6 11. Qc2 Qe8 12. Bg5 e5 13. dxe5 dxe5 14. e3 Be6 15.
Qe2 e4 16. Nd4 Nc5 17. b3 Nfd7 18. Qd2 h6 19. Bf4 Nd3 20. Bd6 Rf6 21. Bf1 Bxc4
22. bxc4 Rxd6 23. Bxd3 exd3 24. Qxd3 c5 25. Ncb5 Rb6 26. Nc7 Qg8 27. Nxa8 Rd6
28. Nc7 Ne5 29. Qb3 cxd4 30. exd4 Nxc4 31. Rac1 Rc6 32. Qxb7 Rb6 33. Qd5 Qxd5
34. Nxd5 Rd6 35. Rxc4 Rxd5 36. Kf1 Kg8 37. Ke2 Kf7 38. Ke3 Bf6 39. Rc5 Bxd4+
40. Rxd4 Rxc5 41. Kd3 Ke6 42. Rc4 Kd5 43. Rd4+ Ke5 44. f4+ Ke6 45. Rd8 Rd5+ 46.
Rxd5 Kxd5 47. h3 h5 48. a4 Kc5 49. Kc3 Kd5 50. Kd3 1/2-1/2

[Event "II Weekend Basso Veronese B"]
[Site "Casaleone ITA"]
[Date "2009.11.14"]
[Round "4"]
[White "Moscato, Riccardo"]
[Black "Bonini, Roberto"]
[Result "0-1"]
[WhiteElo "1711"]
[BlackElo "1845"]
[PlyCount "66"]
[EventDate "2009.11.07"]

1. Nf3 d5 2. d4 Nf6 3. e3 e6 4. Bd3 c5 5. b3 Nbd7 6. Bb2 Bd6 7. O-O Qc7 8. Nbd2
a6 9. g3 b5 10. c3 c4 11. Be2 Bb7 12. Ne1 O-O 13. f4 g6 14. g4 Rac8 15. Nc2 Ne8
16. Rf2 f5 17. Qf1 b4 18. bxc4 bxc3 19. Bxc3 dxc4 20. g5 Bd5 21. Bf3 Bxf3 22.
Nxf3 Qc6 23. Qe2 Nb6 24. Re1 Nd5 25. Ba1 Qa4 26. Ne5 Bxe5 27. dxe5 Qxa2 28. e4
fxe4 29. Qxe4 Ng7 30. Ne3 Qa5 31. Nxd5 exd5 32. Qe2 Ne6 33. Qg4 Qxe1+ 0-1

[Event "II Weekend Basso Veronese B"]
[Site "Casaleone ITA"]
[Date "2009.11.14"]
[Round "4"]
[White "Negro, Raffaele"]
[Black "De Biaggi, Paolo"]
[Result "0-1"]
[WhiteElo "1844"]
[BlackElo "1878"]
[PlyCount "148"]
[EventDate "2009.11.07"]

1. d4 c5 2. d5 e5 3. Nc3 d6 4. e4 f5 5. Bb5+ Bd7 6. exf5 Nf6 7. Bg5 Bxb5 8.
Nxb5 Nbd7 9. Ne2 Qa5+ 10. Nbc3 b5 11. a3 Be7 12. O-O Qb6 13. Ng3 a5 14. Be3 Qb7
15. Qe2 Rb8 16. b4 axb4 17. axb4 cxb4 18. Ra7 Qc8 19. Nxb5 Nxd5 20. Ne4 Qc6 21.
Ra5 Nxe3 22. fxe3 Qxe4 23. Nc7+ Kd8 24. Ne6+ Kc8 25. Ra7 Rb7 26. Rfa1 Nb8 27.
Rxb7 Qxb7 28. Qc4+ Kd7 29. Nxg7 Rf8 30. Qe6+ Kd8 31. Qh6 Rf7 32. Qxh7 Kc8 33.
Qg6 Rf6 34. Qe8+ Bd8 35. Ne6 Qb6 36. Nxd8 Qxd8 37. Qxd8+ Kxd8 38. e4 Rf7 39. g4
Rc7 40. Ra8 Kc8 41. f6 Kb7 42. Ra2 Rc4 43. f7 Nd7 44. g5 Nf8 45. Rb2 Rxe4 46.
h3 Rf4 47. c3 Rxf7 48. Rxb4+ Kc6 49. h4 d5 50. Rg4 e4 51. g6 Nxg6 52. Rxg6+ Kc5
53. h5 Kc4 54. h6 Kxc3 55. Rg7 Rf5 56. h7 Rh5 57. Kf2 Kd3 58. Rg5 e3+ 59. Kf3
Rh3+ 60. Kg2 Rxh7 61. Rxd5+ Ke2 62. Ra5 Rg7+ 63. Kh2 Ke1 64. Ra2 e2 65. Ra6 Rd7
66. Kg2 Kd2 67. Ra2+ Ke3 68. Ra3+ Rd3 69. Ra1 Rc3 70. Rb1 Ra3 71. Kg1 Kf3 72.
Rc1 Rd3 73. Kh2 Kf2 74. Rc2 Kf1 0-1

[Event "II Weekend Basso Veronese B"]
[Site "Casaleone ITA"]
[Date "2009.11.14"]
[Round "4"]
[White "Solinas, Roberto"]
[Black "Aprile, Martino"]
[Result "1/2-1/2"]
[WhiteElo "1770"]
[BlackElo "1695"]
[PlyCount "41"]
[EventDate "2009.11.07"]

1. Nf3 d5 2. d4 Nf6 3. e3 e6 4. Bd3 Nbd7 5. O-O c5 6. b3 g6 7. Bb2 Bg7 8. c4
O-O 9. Nbd2 Re8 10. Ne5 Nxe5 11. dxe5 Nd7 12. f4 f6 13. Nf3 fxe5 14. Nxe5 Nxe5
15. Bxe5 Bxe5 16. fxe5 Bd7 17. Qg4 Rf8 18. Bxg6 hxg6 19. Qxg6+ Kh8 20. Qh6+ Kg8
21. Qg6+ 1/2-1/2

[Event "II Weekend Basso Veronese B"]
[Site "Casaleone ITA"]
[Date "2009.11.14"]
[Round "4"]
[White "Turazza, Andrea"]
[Black "Jimchi, Abdelaziz"]
[Result "1-0"]
[WhiteElo "1822"]
[BlackElo "1918"]
[PlyCount "83"]
[EventDate "2009.11.07"]

1. Nf3 Nf6 2. d4 c5 3. c3 b6 4. e3 Bb7 5. Nbd2 g6 6. Bd3 Bg7 7. O-O O-O 8. Qe2
d6 9. Re1 Nbd7 10. e4 e5 11. dxe5 dxe5 12. Nc4 Qc7 13. a4 Rfe8 14. Rd1 h6 15.
Bc2 Bf8 16. Ne1 a6 17. f3 b5 18. Na3 Qc6 19. Be3 c4 20. Qd2 g5 21. b4 cxb3 22.
Bxb3 Rac8 23. Qa2 Re7 24. axb5 axb5 25. c4 bxc4 26. Nxc4 Nc5 27. Rd6 Qb5 28.
Rb6 Qd7 29. Bxc5 Rxc5 30. Rxf6 Qd4+ 31. Kh1 Rec7 32. Rd1 Qc3 33. Nd6 Bxd6 34.
Bxf7+ Kg7 35. Rg6+ Kh7 36. Rgxd6 Bc8 37. Be6 Qe3 38. Bxc8 Rc1 39. Bf5+ Kg7 40.
Rg6+ Kf8 41. Rg8+ Ke7 42. Qe6# 1-0

[Event "II Weekend Basso Veronese B"]
[Site "Casaleone ITA"]
[Date "2009.11.14"]
[Round "4"]
[White "You Yi-Ning, Francesca"]
[Black "Pasqualetto, Lorenzo"]
[Result "1-0"]
[WhiteElo "1443"]
[BlackElo "1518"]
[PlyCount "115"]
[EventDate "2009.11.07"]

1. e4 e5 2. Nf3 Nc6 3. Bc4 Bc5 4. c3 Nf6 5. d4 exd4 6. cxd4 Bb4+ 7. Bd2 Bxd2+
8. Nbxd2 d5 9. exd5 Nxd5 10. O-O O-O 11. Re1 Nde7 12. Nb3 Bg4 13. Re4 Bf5 14.
Re2 Nd5 15. Qd2 Bg4 16. Bxd5 Qxd5 17. Re3 Rad8 18. Rd1 Bxf3 19. Rxf3 Ne7 20.
Qc2 Qd6 21. Nc5 b6 22. Nb7 Qc6 23. Qxc6 Nxc6 24. Nxd8 Rxd8 25. Rf4 Nb4 26. a3
Nd5 27. Re4 Kf8 28. Rde1 Nf6 29. Re7 Nd5 30. R7e5 Nf4 31. R5e4 Ne6 32. Rd1 c5
33. d5 Nd4 34. Rde1 Nc2 35. R1e2 Nd4 36. R2e3 Nf5 37. Rd3 Nd4 38. Re5 f6 39.
Rh5 Ne2+ 40. Kf1 Nf4 41. Rhh3 Nxh3 42. Rxh3 Rxd5 43. Rxh7 Kg8 44. Rh4 g5 45.
Re4 Kf7 46. b4 Rd4 47. Rxd4 cxd4 48. Ke2 Ke6 49. Kd3 Kd5 50. f3 b5 51. g3 Ke6
52. h4 gxh4 53. gxh4 f5 54. h5 Kf6 55. Kxd4 Kg5 56. Ke5 f4 57. h6 Kxh6 58. Kxf4
1-0

[Event "II Weekend Basso Veronese B"]
[Site "Casaleone ITA"]
[Date "2009.11.15"]
[Round "5"]
[White "Adami, Alessandro"]
[Black "You Yi-Ning, Francesca"]
[Result "1-0"]
[WhiteElo "1521"]
[BlackElo "1443"]
[PlyCount "115"]
[EventDate "2009.11.07"]

1. e4 e5 2. d4 exd4 3. Qxd4 Nc6 4. Qe3 d6 5. Bd2 Nf6 6. Nc3 Be6 7. O-O-O g6 8.
f3 Bg7 9. g4 h6 10. h4 Qe7 11. Nh3 O-O-O 12. Nf4 Nd7 13. Nxe6 Qxe6 14. Nd5 Nde5
15. g5 hxg5 16. Bh3 f5 17. hxg5 Nc4 18. Qb3 Bxb2+ 19. Kb1 N6e5 20. f4 c6 21.
fxe5 cxd5 22. exd5 Qxd5 23. Bc3 Rxh3 24. Rhe1 Nd2+ 25. Kxb2 Qxb3+ 26. cxb3 Ne4
27. Rc1 Nxc3 28. Rxc3+ Rxc3 29. Kxc3 dxe5 30. Rxe5 Rd6 31. Re7 a6 32. Kc4 Kd8
33. Rxb7 f4 34. Rf7 Rd2 35. Rxf4 Rg2 36. Rf6 Rxg5 37. Rxa6 Rg1 38. Ra7 g5 39.
Kd4 g4 40. Ke3 Rg2 41. b4 Kc8 42. a4 Rb2 43. b5 g3 44. Rg7 Ra2 45. Kd4 Rxa4+
46. Kc5 Ra3 47. Kc6 Rc3+ 48. Kb6 Ra3 49. Kc5 Rc3+ 50. Kb4 Rf3 51. b6 Rf6 52.
Kb5 Rf3 53. Rg8+ Kd7 54. b7 g2 55. Rxg2 Rb3+ 56. Ka6 Kc7 57. Rg7+ Kc6 58. Ka7
1-0

[Event "II Weekend Basso Veronese B"]
[Site "Casaleone ITA"]
[Date "2009.11.15"]
[Round "5"]
[White "Aprile, Martino"]
[Black "Adami, Antonio"]
[Result "1-0"]
[WhiteElo "1695"]
[BlackElo "1646"]
[PlyCount "105"]
[EventDate "2009.11.07"]

1. e4 c5 2. Nf3 d6 3. d4 cxd4 4. Nxd4 Nf6 5. Nc3 a6 6. Bg5 e6 7. Be2 Be7 8. Qd2
O-O 9. Rd1 b5 10. a3 Bb7 11. Bf3 Nbd7 12. Nb3 Nxe4 13. Nxe4 Bxe4 14. Bxe7 Qxe7
15. Bxe4 d5 16. Bd3 Qd6 17. f4 Qb6 18. Qf2 Qd6 19. O-O Rac8 20. Qh4 Nf6 21. Rf3
Rfe8 22. Rg3 e5 23. fxe5 Rxe5 24. Rf1 Qb6+ 25. Kh1 Kf8 26. Bxh7 Rce8 27. Bd3
Rh5 28. Qb4+ Kg8 29. Qd4 Qxd4 30. Nxd4 Ne4 31. Rg4 Nd2 32. Rd1 Rhe5 33. Nf3
Nxf3 34. gxf3 Re3 35. Rdg1 g6 36. Rf4 Kg7 37. Kg2 Rh8 38. Rd4 Re5 39. Kg3 Rg5+
40. Rg4 Rgh5 41. h4 Re5 42. Rg5 Rxg5+ 43. hxg5 Re8 44. Kf2 Kf8 45. Re1 Rxe1 46.
Kxe1 Ke7 47. Kf2 Kd6 48. Ke3 Ke5 49. f4+ Ke6 50. Kd4 Kd6 51. Be2 Ke6 52. Bf3
Kd6 53. Bxd5 1-0

[Event "II Weekend Basso Veronese B"]
[Site "Casaleone ITA"]
[Date "2009.11.15"]
[Round "5"]
[White "Aprile, Massimo"]
[Black "Merci, Stefano"]
[Result "0-1"]
[WhiteElo "1461"]
[BlackElo "1488"]
[PlyCount "70"]
[EventDate "2009.11.07"]

1. Nf3 Nf6 2. d3 d5 3. g3 Bg4 4. Bg2 Nbd7 5. Nbd2 e6 6. O-O Bd6 7. Re1 c6 8. c3
Qc7 9. Qc2 O-O-O 10. b4 h5 11. a4 Bxf3 12. Nxf3 Ne5 13. Bg5 Nxf3+ 14. Bxf3 Rh7
15. Bxf6 gxf6 16. d4 Rdh8 17. Kg2 h4 18. Rh1 Rg7 19. Kf1 hxg3 20. e3 gxh2 21.
Ke2 Rhg8 22. Rae1 Rg1 23. Qd1 Rxe1+ 24. Qxe1 Qd8 25. Bh5 Rg7 26. f4 Rg2+ 27.
Kd3 Qh8 28. Qh4 Qh7+ 29. f5 Qxf5+ 30. e4 Qxe4+ 31. Qxe4 dxe4+ 32. Kxe4 Kd7 33.
Rf1 Rg1 34. Rxf6 h1=Q+ 35. Bf3 Qh4+ 0-1

[Event "II Weekend Basso Veronese B"]
[Site "Casaleone ITA"]
[Date "2009.11.15"]
[Round "5"]
[White "Bellini, Luca"]
[Black "Dall'Ora, Gianfranco"]
[Result "0-1"]
[WhiteElo "1615"]
[BlackElo "1715"]
[PlyCount "108"]
[EventDate "2009.11.07"]

1. e4 e5 2. Nf3 Nc6 3. d4 exd4 4. Nxd4 Bc5 5. Nxc6 Qf6 6. Qd2 dxc6 7. Bd3 Be6
8. O-O Nh6 9. h3 O-O-O 10. Nc3 Bc4 11. Qg5 Qxg5 12. Bxg5 Bxd3 13. cxd3 Rxd3 14.
Rad1 Rxd1 15. Rxd1 Re8 16. a3 Ng8 17. b4 Bd6 18. Be3 Be5 19. Na4 Bd6 20. Bxa7
Rxe4 21. Kf1 Nf6 22. f3 Re8 23. Bd4 Nd5 24. Nc3 Ne3+ 25. Bxe3 Rxe3 26. Ne4 Rxa3
27. Nxd6+ cxd6 28. Rxd6 Ra4 29. Rd4 c5 30. Rf4 f6 31. Rg4 g6 32. Rh4 h5 33. Rf4
f5 34. Rc4 b6 35. Rc2 Rxb4 36. Kf2 Rd4 37. Rb2 Kc7 38. Ra2 c4 39. Ke3 Rd6 40.
Ra7+ Kc6 41. Ra8 Kc5 42. Rc8+ Kb4 43. Rc7 Kb3 44. g4 fxg4 45. hxg4 hxg4 46.
fxg4 c3 47. Ke4 c2 48. Ke5 Rd1 49. Rc6 c1=Q 50. Rxb6+ Ka4 51. Ra6+ Kb5 52. Rxg6
Qe3+ 53. Kf6 Rf1+ 54. Kg7 Qe7+ 0-1

[Event "II Weekend Basso Veronese B"]
[Site "Casaleone ITA"]
[Date "2009.11.15"]
[Round "5"]
[White "Bonini, Roberto"]
[Black "De Paoli, Emilio"]
[Result "1-0"]
[WhiteElo "1845"]
[BlackElo "1919"]
[PlyCount "75"]
[EventDate "2009.11.07"]

1. e4 c5 2. Nf3 d6 3. d4 cxd4 4. Nxd4 Nf6 5. Nc3 a6 6. Be3 Ng4 7. Bc1 Nc6 8.
Be2 Nxd4 9. Qxd4 e5 10. Qd1 Qh4 11. g3 Qh3 12. Nd5 Rb8 13. Bf3 Nf6 14. Nc7+ Kd8
15. Nd5 h5 16. Be3 Bg4 17. Bb6+ Ke8 18. Bxg4 Qxg4 19. f3 Qg6 20. Qd3 Nxd5 21.
Qxd5 h4 22. O-O-O hxg3 23. hxg3 Rxh1 24. Rxh1 Qxg3 25. Bc7 Qxf3 26. Rd1 Qe3+
27. Kb1 Rc8 28. Qxb7 Rxc7 29. Qxc7 Qxe4 30. Qb8+ Kd7 31. Qxf8 d5 32. Qxf7+ Kc6
33. Qe8+ Kd6 34. Qd8+ Ke6 35. Qc8+ Kf7 36. Qc7+ Kg8 37. Qd8+ Kh7 38. Qxd5 1-0

[Event "II Weekend Basso Veronese B"]
[Site "Casaleone ITA"]
[Date "2009.11.15"]
[Round "5"]
[White "Cavalleri, Giuseppe"]
[Black "Solinas, Roberto"]
[Result "1-0"]
[WhiteElo "1685"]
[BlackElo "1770"]
[PlyCount "123"]
[EventDate "2009.11.07"]

1. d4 d5 2. c4 e6 3. Nf3 Be7 4. Nc3 Nf6 5. Bf4 O-O 6. e3 a6 7. h3 dxc4 8. Bxc4
b5 9. Bd3 Bb7 10. Rc1 Nbd7 11. O-O c5 12. a3 cxd4 13. exd4 Rc8 14. Qe2 Nb6 15.
Be3 Nc4 16. Bxc4 Rxc4 17. Ne5 Rc8 18. f4 Ne4 19. Nxe4 Bxe4 20. Rxc8 Qxc8 21.
Rc1 Qb7 22. Bd2 Bd5 23. Ba5 Rc8 24. Rxc8+ Qxc8 25. Qd2 f6 26. Nd3 Qc4 27. Qc3
Bd6 28. g3 Kf7 29. Qxc4 bxc4 30. Nb4 Bb7 31. Kf2 g5 32. fxg5 fxg5 33. Nc2 Be4
34. Ne3 Bd3 35. Ng4 Be4 36. Bd8 Be7 37. Ne5+ Ke8 38. Bxe7 Kxe7 39. Nxc4 Kd7 40.
Ke3 Bg2 41. h4 gxh4 42. gxh4 Kc6 43. Ne5+ Kd5 44. Nd3 Kc4 45. Nc5 a5 46. Nxe6
Kb3 47. Nf4 Bf1 48. d5 Kxb2 49. d6 Bb5 50. Kd4 Kxa3 51. Kc3 Bc6 52. Nd3 Ka4 53.
Nc5+ Kb5 54. d7 Bxd7 55. Nxd7 Kc6 56. Nf6 h6 57. Ng8 Kd5 58. Nxh6 Ke5 59. h5
Kf6 60. Ng4+ Kf5 61. h6 Kg6 62. Kb3 1-0

[Event "II Weekend Basso Veronese B"]
[Site "Casaleone ITA"]
[Date "2009.11.15"]
[Round "5"]
[White "Curto, Carlo Alberto"]
[Black "Rondelli, Roberto"]
[Result "0-1"]
[WhiteElo "1467"]
[BlackElo "1533"]
[PlyCount "60"]
[EventDate "2009.11.07"]

1. e4 c5 2. d4 cxd4 3. c3 dxc3 4. Nxc3 Nc6 5. Bc4 e6 6. Nf3 d6 7. Bf4 e5 8. Bg3
Nf6 9. O-O Be7 10. Qe2 Bg4 11. Qe3 Bxf3 12. Qxf3 O-O 13. Rfd1 Rc8 14. Nd5 Nd4
15. Nxe7+ Qxe7 16. Qd3 Nh5 17. Rac1 Nxg3 18. hxg3 Rc7 19. Bd5 Rfc8 20. Bxb7
Rxc1 21. Bxc8 Rxc8 22. Kf1 Qc7 23. f4 Qc4 24. b3 Qxd3+ 25. Rxd3 a5 26. a3 f6
27. g4 Kf7 28. Kf2 Ke7 29. Kg3 Ne2+ 30. Kh2 Nxf4 0-1

[Event "II Weekend Basso Veronese B"]
[Site "Casaleone ITA"]
[Date "2009.11.15"]
[Round "5"]
[White "De Biaggi, Paolo"]
[Black "Turazza, Andrea"]
[Result "1/2-1/2"]
[WhiteElo "1878"]
[BlackElo "1822"]
[PlyCount "33"]
[EventDate "2009.11.07"]

1. e4 c5 2. f4 Nc6 3. Nf3 g6 4. c3 Bg7 5. a4 d6 6. Bc4 e6 7. O-O Nge7 8. d3 O-O
9. Na3 a6 10. Be3 d5 11. Ba2 d4 12. cxd4 cxd4 13. Nxd4 Bxd4 14. Qd2 Ne5 15. Bc4
Bxe3+ 16. Qxe3 Qd4 17. Nc2 1/2-1/2

[Event "II Weekend Basso Veronese B"]
[Site "Casaleone ITA"]
[Date "2009.11.15"]
[Round "5"]
[White "De Togni, Paolo"]
[Black "Gioga, Michele"]
[Result "0-1"]
[WhiteElo "1335"]
[BlackElo "1680"]
[PlyCount "86"]
[EventDate "2009.11.07"]

1. Nf3 Nf6 2. d4 g6 3. c3 d5 4. Nbd2 Bg7 5. e3 Bg4 6. Bd3 Nbd7 7. O-O O-O 8.
Re1 e5 9. e4 exd4 10. e5 Nxe5 11. Rxe5 Ne4 12. cxd4 Bxe5 13. dxe5 Nc5 14. Nb3
Nxd3 15. Qxd3 Bf5 16. Qd4 b6 17. Bg5 Qd7 18. Qh4 h5 19. Bf6 Be4 20. Qg5 Kh7 21.
Nh4 Qg4 22. Rc1 Qxg5 23. Bxg5 c5 24. Nd2 Rfe8 25. Nxe4 dxe4 26. Bf6 c4 27. Rd1
Rac8 28. Rc1 c3 29. bxc3 Rc4 30. Kf1 Rec8 31. e6 fxe6 32. Ke2 Kh6 33. f3 g5 34.
f4 gxh4 35. Ke3 Kg6 36. Be5 Kf5 37. h3 Rg8 38. Rc2 Rg3+ 39. Kf2 e3+ 40. Kg1 Re4
41. Re2 Rc4 42. Bb8 Rxc3 43. Bxa7 Rc1+ 0-1

[Event "II Weekend Basso Veronese B"]
[Site "Casaleone ITA"]
[Date "2009.11.15"]
[Round "5"]
[White "Oppici, Gabriele"]
[Black "Jimchi, Abdelaziz"]
[Result "1-0"]
[WhiteElo "1997"]
[BlackElo "1918"]
[PlyCount "43"]
[EventDate "2009.11.07"]

1. Nc3 Nf6 2. e4 d6 3. d4 g6 4. Nf3 Bg7 5. Be3 O-O 6. Qd2 c6 7. Bh6 b5 8. Bd3
Bg4 9. Bxg7 Kxg7 10. Qf4 Bxf3 11. Qxf3 Nbd7 12. Ne2 e5 13. O-O a6 14. c3 Qe7
15. Rfe1 d5 16. Ng3 exd4 17. exd5 Qc5 18. dxc6 Ne5 19. Qxf6+ Kxf6 20. Ne4+ Ke6
21. Nxc5+ Kd5 22. Rxe5+ 1-0

[Event "II Weekend Basso Veronese B"]
[Site "Casaleone ITA"]
[Date "2009.11.15"]
[Round "5"]
[White "Pisani, Valerio"]
[Black "Moscato, Riccardo"]
[Result "1-0"]
[WhiteElo "1771"]
[BlackElo "1711"]
[PlyCount "73"]
[EventDate "2009.11.07"]

1. e4 e6 2. Qe2 b6 3. g3 Bb7 4. Bg2 Nf6 5. d3 Be7 6. Be3 d5 7. e5 Nfd7 8. f4 f6
9. d4 Kf7 10. Nh3 Qg8 11. Nd2 f5 12. c4 c6 13. a3 a6 14. b4 b5 15. c5 a5 16.
O-O a4 17. Bf3 g6 18. Kh1 h6 19. g4 Nf8 20. gxf5 exf5 21. Rg1 Qh7 22. Rg2 Nbd7
23. Rag1 Re8 24. Bxd5+ cxd5 25. Qxb5 Bc8 26. c6 Nf6 27. exf6 Bxf6 28. Qxd5+ Be6
29. Qf3 Kg8 30. d5 Bc8 31. b5 Qe7 32. Bf2 Rh7 33. b6 Ba6 34. Re1 Qd8 35. Rxe8
Qxe8 36. d6 Bb5 37. Qd5+ 1-0

[Event "II Weekend Basso Veronese B"]
[Site "Casaleone ITA"]
[Date "2009.11.15"]
[Round "5"]
[White "Steccanella, Willi"]
[Black "Negro, Raffaele"]
[Result "0-1"]
[WhiteElo "1780"]
[BlackElo "1844"]
[PlyCount "72"]
[EventDate "2009.11.07"]

1. e4 b6 2. Nf3 Bb7 3. Nc3 e6 4. d4 Ne7 5. Be3 g6 6. h4 h6 7. Qd2 Bg7 8. g4 d6
9. Bg2 Nd7 10. Nh2 Nc6 11. O-O-O a6 12. f4 Qxh4 13. f5 gxf5 14. gxf5 O-O-O 15.
Nf3 Qf6 16. Rh5 exf5 17. Rxf5 Qe7 18. Rh1 Qf8 19. Bf1 Ne7 20. Rfh5 Nf6 21. R5h3
Ng4 22. Bf4 Ng6 23. Rg3 Nxf4 24. Qxf4 Nf6 25. Rhg1 Rg8 26. Rxg7 Rxg7 27. Qxf6
Rxg1 28. Nxg1 Qg8 29. Nf3 Qg3 30. Qxf7 Kb8 31. Be2 Rg8 32. Nd5 Rg7 33. Qf8+ Ka7
34. Nf4 Rg8 35. Qxh6 Bxe4 36. Ne6 Bxf3 0-1

[Event "II Weekend Basso Veronese B"]
[Site "Casaleone ITA"]
[Date "2009.11.15"]
[Round "5"]
[White "Zanchetta, Nicola"]
[Black "Guaragno, Michele"]
[Result "1-0"]
[WhiteElo "1807"]
[BlackElo "1891"]
[PlyCount "103"]
[EventDate "2009.11.07"]

1. d4 g6 2. e4 d6 3. Nc3 Bg7 4. Be3 Nf6 5. f3 c6 6. Qd2 a5 7. a4 Nbd7 8. Nh3
O-O 9. Bh6 e5 10. Bxg7 Kxg7 11. O-O-O Qe7 12. g4 Nb6 13. Nf2 Be6 14. h4 Bc4 15.
h5 Rab8 16. hxg6 fxg6 17. dxe5 dxe5 18. Nd3 Nbd7 19. Qh6+ Kg8 20. Bh3 Rbd8 21.
Rd2 Qg7 22. Qxg7+ Kxg7 23. g5 Nh5 24. Bxd7 Rxd7 25. Nxe5 Rxd2 26. Kxd2 Be6 27.
Ne2 Kg8 28. Ke3 Re8 29. Rd1 Bb3 30. cxb3 Rxe5 31. f4 Re7 32. Rd8+ Kf7 33. Ra8
Ng7 34. Rxa5 Nf5+ 35. Kd3 Rd7+ 36. Kc3 Ne3 37. Ra7 Nd1+ 38. Kb4 Nxb2 39. Ka5 c5
40. Kb6 c4 41. b4 Rd6+ 42. Kxb7 Rd7+ 43. Ka6 Rxa7+ 44. Kxa7 Nxa4 45. b5 c3 46.
b6 c2 47. b7 Nc3 48. Nc1 Nb5+ 49. Kb6 Na3 50. b8=Q Nc4+ 51. Kc5 Ne3 52. Qb3+
1-0

[Event "II Weekend Basso Veronese B"]
[Site "Casaleone ITA"]
[Date "2009.11.15"]
[Round "6"]
[White "Aprile, Martino"]
[Black "Pisani, Valerio"]
[Result "1-0"]
[WhiteElo "1695"]
[BlackElo "1771"]
[PlyCount "97"]
[EventDate "2009.11.07"]

1. e4 e6 2. d4 d5 3. exd5 exd5 4. Bd3 Bd6 5. Nf3 Bg4 6. h3 Bh5 7. Be3 Nf6 8.
Nbd2 Nc6 9. c3 a6 10. O-O Ne7 11. Re1 Bg6 12. Qc2 O-O 13. Bg5 Rc8 14. Bxf6 gxf6
15. b4 Kh8 16. Nh4 Rg8 17. Nxg6+ Nxg6 18. Bf5 Nh4 19. g3 Nxf5 20. Qxf5 Rg5 21.
Qf3 c6 22. Re3 Kg7 23. Nf1 Qd7 24. h4 Rg6 25. Kh1 Qh3+ 26. Nh2 f5 27. Qg2 Qxg2+
28. Kxg2 f4 29. Rf3 Re8 30. a4 h5 31. Rf1 f6 32. Kh3 Re4 33. Rg1 f5 34. Nf1 Re2
35. Rg2 fxg3 36. Nxg3 Bxg3 37. fxg3 Rxg2 38. Kxg2 Kf6 39. a5 Rg4 40. Kf2 Re4
41. Re3 Ke6 42. Kf3 Kf6 43. Kf2 f4 44. Rxe4 fxg3+ 45. Kxg3 dxe4 46. Kf4 Ke7 47.
Kxe4 Ke6 48. c4 Kf6 49. d5 1-0